Category 5 Pacific Typhoons by satellite image - Statistics

General Stats
  • This quiz has been taken 47 times
  • The average score is 72 of 130
Answer Stats
Picture Hint Answer % Correct
2020 Goni
97%
1979 Tip
97%
2013 Haiyan
91%
2024 Yagi
91%
2021 Rai
88%
2024 Kong-rey
85%
2023 Mawar
85%
2022 Noru
85%
2025 Ragasa
85%
2018 Mangkhut
82%
2016 Meranti
82%
2021 Surigae
82%
2018 Yutu
82%
2002 Hagibis
79%
2019 Hagibis
79%
2014 Halong
79%
2019 Halong
79%
2022 Hinnamnor
79%
2024 Man-yi
79%
2010 Megi
79%
2006 Yagi
79%
2018 Kong-rey
76%
2016 Nock-ten
76%
1995 Angela
74%
2012 Bopha
74%
2021 Chanthu
74%
2023 Saola
74%
2023 Bolaven
71%
2014 Hagupit
71%
2018 Trami
71%
2019 Wutip
71%
2000 Bilis
68%
2001 Faxai
68%
1983 Forrest
68%
2018 Jebi
68%
2015 Maysak
68%
2012 Sanba
68%
2006 Saomai
68%
2014 Vongfong
68%
2016 Chaba
65%
2012 Jelawat
65%
2004 Ma-on
65%
2016 Nepartak
65%
2014 Nuri
65%
2000 Saomai
65%
2015 Soudelor
65%
1979 Vera
65%
1997 Winnie
65%
1999 Bart
62%
2006 Cimaron
62%
2002 Fengshen
62%
2016 Haima
62%
1997 Joan
62%
2013 Lekima
62%
2018 Maria
62%
2014 Neoguri
62%
2014 Rammasun
62%
2015 Atsani
59%
1992 Gay
59%
2014 Genevieve
59%
1989 Gordon
59%
2008 Jangmi
59%
1997 Keith
59%
2003 Lupit
59%
2021 Mindulle
59%
1997 Paka
59%
2007 Sepat
59%
1984 Vanessa
59%
2015 Dolphin
56%
2003 Maemi
56%
2009 Melor
56%
1987 Nina
56%
1997 Oliwa
56%
1998 Zeb
56%
1987 Betty
53%
2019 Bualoi
53%
2004 Chaba
53%
2013 Francisco
53%
1997 Isa
53%
1997 Ivan
53%
1990 Mike
53%
2015 Noul
53%
2000 Darmey
50%
1997 Ginger
50%
2005 Haitang
50%
2002 Mitag
50%
2011 Muifa
50%
2011 Nanmadol
50%
1991 Yuri
50%
2009 Choi-wan
47%
2004 Dianmu
47%
1996 Herb
47%
2006 Ioke
47%
2009 Lupit
47%
2009 Nida
47%
2011 Songda
47%
2005 Nabi
44%
1997 Nestor
44%
2004 Nida
44%
2001 Podul
41%
1991 Ruth
38%
1992 Yvette
38%
1983 Abby
35%
1981 Elsie
35%
1989 Elsie
35%
1992 Elsie
35%
1990 Flo
35%
1982 Mac
35%
1990 Owen
35%
1996 Sally
35%
1988 Nelson
32%
1997 Rosie
32%
1982 Bess
29%
1994 Doug
26%
1986 Peggy
26%
1983 Marge
24%
1985 Dot
21%
1987 Lynn
21%
1995 Oscar
21%
1980 Wynne
21%
1996 Dale
18%
1993 Ed
18%
1987 Holly
18%
1989 Irma
18%
1989 Andy
15%
1996 Eve
15%
1986 Lola
15%
1990 Page
15%
1991 Walt
15%
1995 Ward
15%
No matching quizzes found
Score Distribution
Percent of People with Each Score
Percentile by Number Answered
Your Score History
You have not taken this quiz